| 000 | 00817nam a22001695i 4500 | ||
|---|---|---|---|
| 001 | 161778 | ||
| 003 | ES-MaACL | ||
| 005 | 20230906212346.0 | ||
| 008 | 961023s1885 sp |||| | spa d | ||
| 040 |
_aCLM _bspa _cCLM |
||
| 100 | 1 |
_aPérez de Arce y Zubiaur, Facundo. _9131482 |
|
| 245 | 1 | 0 |
_aMemoria acerca del estado del Instituto Provincial de 2ª Enseñanza de Guadalajara que en el acto solemne de la apertura del curso académico de 1884 a 1885 / _cleyó Facundo Pérez de Arce. |
| 260 |
_aGuadalajara : _b[s.n.], _c1885 ( _fImprenta y Encuadernación Provincial) |
||
| 300 |
_a61 p. ; _c25 cm. |
||
| 610 | 2 | 4 |
_aInstituto Provincial de Segunda Enseñanza de Guadalajara- _vMemorias y balances. _9134536 |
| 852 |
_aES-MaACL _jT-438-F-3 _z-- Enc. hol. _q-- Falto de la cub. original _z-- Enc. en un vol. facticio |
||
| 999 |
_c161778 _d161778 |
||